000
00398nam a2200133Ia 4500
008
100328s9999 xx 000 0 und d
082
_b
6712
100
_a
वरेरकर भार्गवराम विठ्ठल
245
_a
जागती ज्योत
260
_b
---
630
_a
जागती ज्योत
730
_a
जागती ज्योत
942
_c
BOOK
999
_c
502584
_d
502581